30 Facts That Start with 'U' Quiz Stats

 Plays Quiz Updated Nov 7, 2017

Also try: The Star Game
Challenge
Share
Tweet
Embed
Score 0/30 Timer 05:00
33 Plays Today
Question Answer % Correct
What legendary animal resembles a horse with a single horn growing from its forehead?unicorn
99.2%
Salt Lake City, the only 3-word capital, is the capital of what U.S. state?Utah
94.3%
Bono and the Edge are both members of what Irish rock group?U2
91.3%
What name is given to an official in the sports of cricket or baseball?umpire
90.1%
What does the letter 'U' stand for in the abbreviation U.F.O.?unidentified
90.1%
Australian Shane Stedman is credited with inventing what sheepskin brand of boots?Ugg Boots
88.8%
What type of light, found in sunlight, has a wavelength shorter than visible light but longer than X-rays?ultraviolet
87.6%
In what female organ are offspring conceived and develop before they are born?uterus
87.4%
What word, describing a city environment, is also the name of eight Popes?urban
86.8%
What word for a paradise-like society was coined by Sir Thomas More in a 1516 book?Utopia
82.7%
What name is given to the thinner and longer of the two bones in the forearm?ulna
77.3%
From 1971 to 1979, Idi Amin was President of what country?Uganda
76.8%
In 1930, what country both hosted and won the first FIFA World Cup?Uruguay
76.8%
In what ABC comedy did America Ferrera play the title character?Ugly Betty
69.3%
What Billy Joel hit contains the lines 'And when she's walking. She's looking so fine'?Uptown Girl
69.3%
Question Answer % Correct
What 2007 Rihanna song, featuring Jay-Z, topped the singles charts in the U.S. and U.K.?Umbrella
67.5%
What organ, that features at least two mammary glands, is essential at a dairy?udder
66.9%
What musical instrument gets its name from the Hawaiian for 'jumping flea'?ukulele
60.8%
Pakistan has two official languages: English and which other?Urdu
60.2%
What mountain range forms the traditional boundary between Europe and Asia?Ural Mountains
60.1%
'The Plough' or 'Big Dipper' is made up of seven stars from what constellation?Ursa Major
60%
'8701' and 'Confessions' are albums by which contemporary R&B singer/songwriter?Usher
59.9%
What James Joyce novel centres on a day in the life of Leopold Bloom?Ulysses
59.4%
What object did William Herschel discover on March 13, 1781?Uranus
54.6%
What Germanic mark, consisting of two dots, modifies a vowel sound such as in ä, ö, or ü?umlaut
53.8%
Which 'American Idol' winner released her debut album 'Some Hearts' in 2005?Underwood (Carrie)
52.1%
For what 1992 film did Clint Eastwood receive his first 'Best Director' Oscar?Unforgiven
45.8%
'The Simpsons' began as a cartoon short on which comedienne's TV show?Ullman (Tracey)
43%
What is the Aboriginal name for Ayers Rock in the middle of Australia?Uluru
37.7%
Which U.S. novelist wrote 'Witches of Eastwick' and novels about 'Rabbit' Angstrom?Updike (John)
26.8%

You're not logged in!

Compare scores with friends on all Sporcle quizzes.
OR
Log In

You Might Also Like...

Show Comments

Extras

Top Quizzes Today


Score Distribution

Your Account Isn't Verified!

In order to create a playlist on Sporcle, you need to verify the email address you used during registration. Go to your Sporcle Settings to finish the process.

Report this User

Report this user for behavior that violates our Community Guidelines.

Details: